• 首页
  • 本馆介绍
  • 公告通知
  • 最新文献
  • 馆藏检索
  • 电子资源
  • 读者导购
  • 参考咨询
  • 我的图书馆
  • 登录
  • 详细信息显示
  • 放入我的书架
  • 预约/预借图书
  • 作者相关作品
  • 分类相关作品
  • 丛书相关作品
  • 出版社相关作品

书目信息

  • 表格格式
  • 工作单格式
  • 卡片格式
题名:
域外女性
    
 
作者: 陶洁 编
分册:  
出版信息: 北京   北京大学出版社  1995
页数: 283页
开本: 19cm
丛书名: 女性研究丛书
单 册:
中图分类: D441
科图分类: 33.503
主题词: 妇女学--研究--外国 , 妇女运动--研究--外国
电子资源:
ISBN: 7-301-02734-6
000 00734nam2 2200265 45
001 0195030104
005 20070710102043.57
010    @a7-301-02734-6@dCNY11.50
100    @a19950531d1995 emky0chiy0121 ea
101 0  @achi
102    @aCN@b110000
105    @ak z 000yy
200 10 @a域外女性@AYU WAI NU“ XING@f陶 洁编@FTAO JIE BIAN
210    @a北京@c北京大学出版社@d1995
215    @a283页@c表格@d19cm
225 2  @a女性研究丛书
304    @a陶洁(1958~ ),女,北京大学英语系教授,博士生导师
410  0 @120010@a女性研究丛书
606    @a妇女学@x研究@y外国
606    @a妇女运动@x研究@y外国
690    @aD441
692    @a33.503
701  0 @a陶洁@ATAO JIE@4编
801  0 @aCN@bTSSF@c20070710
905    @a10447@dD441@e15
    
    域外女性/陶 洁编.-北京:北京大学出版社,1995
    283页:表格;19cm.-(女性研究丛书)
    
    
    ISBN 7-301-02734-6:CNY11.50
    
●
相关链接 在E读中查询图书 在五车中查询图书 在当当中查询图书 在豆瓣中查询图书


正题名:域外女性     索取号:D441/15         预约/预借

序号 登录号 条形码 馆藏地/架位号 状态 备注
1 0765177   207651771   第一样本阅览室/ [索取号:D441/15] 在馆    
唐山师范学院图书馆 欢迎您!
大连网信软件有限公司© 版权所有